| 000 | 00989nam a2200265 a 4500 | ||
|---|---|---|---|
| 999 |
_c9504 _d9504 |
||
| 001 | 9504 | ||
| 003 | BD-JhCC | ||
| 005 | 20180320164657.0 | ||
| 008 | 180315s1994 bg a|||| ||a| 000 0 ben d | ||
| 035 | _a(BD-JhCC)9504 | ||
| 040 |
_aBD-JhCC _dBD-JhCC |
||
| 041 | _aben | ||
| 082 |
_a581 _bAZM 1994 |
||
| 100 | _aআজমল, গাজী এস. এম. | ||
| 245 |
_aউচ্চ মাধ্যমিক জীববিজ্ঞান প্রথম খণ্ড : উদ্ভিদ বিজ্ঞান / _cগাজী এস. এম. আজমল, অমল কৃষ্ণ বনিক এবং গাজী এস. এম. আসমত |
||
| 260 |
_aঢাকা : _bগাজী পাবলিশার্স, _c1994 |
||
| 300 |
_a686 p. : _c24 cm. |
||
| 650 | _aPlants | ||
| 650 | _aBotany | ||
| 650 | _aBiology | ||
| 700 | _aবনিক, অমল কৃষ্ণ | ||
| 700 | _aআসমত, গাজী এস. এম. | ||
| 942 |
_2ddc _cBK |
||